000
00236nam a22001097a 4500
999
_c
65272
_d
65269
082
_a
297.925VAQ
100
_a
Dr Waqar Ahmed Rizvi
245
_a
Eminent Muslim Scientists- The Quail
260
_a
karachi
300
_a
107p
942
_c
BK